Statistics for Popes in the 19th Century

Click here to take the quiz!

General Stats

  • This quiz has been taken 30 times
  • The average score is 5 of 6

Answer Stats

ReignAnswer% Correct
1800-1823Pius VII
96%
1846-1878Pius IX
91%
1829-1830Pius VIII
91%
1823-1829Leo XII
83%
1878-1903Leo XIII
83%
1831-1846Gregory XVI
74%

Score Distribution

Percentile by Number Answered

Percent of People with Each Score

Your Score History

You have not taken this quiz